000 01007nam a2200277 i 4500
001 125092
003 ES-MaACL
005 20250824052156.0
007 t|
008 070503s1933 sp ||||1| spa d
080 _a 860-22"19"
100 1 _aLázaro, Ángel,
_9240342
_d1900-1985
_eaut
245 1 3 _aEl circo de la verbena :
_bcomedia en tres actos y un prólogo en verso /
_cAngel Lázaro ; dibujos de Antonio Merlo.
260 _aMadrid :
_bRivadeneyra,
_c1933.
300 _a80 p. ;
_c17 cm.
490 1 _aLa Farsa ;
_v324
500 _aEstrenada en el Teatro de la Zarzuela de Madrid la noche del 4 de octubre de 1933
500 _aCubierta de este número: Ana Adamuz y José Bruguera en una escena de "El circo de la verbena"
655 0 _aTeatro
_9234794
700 1 _aMerlo, Antonio.
_980579
_eill
830 0 _aLa Farsa ;
_v324
_9185863
852 _aES-MaACL
_j2223-F-11
_cDEPOF
942 _2udc
_cFOLLETOS
_n0
999 _c125092
_d125092